ADE Words Quiz Stats

 Plays Quiz Updated Oct 11, 2018

Score 0/16 Timer 04:00
0 Plays Today
Clue Word % Correct
Drink you can't make if life gives you orangesLemonade
95.7%
Heart, Diamond, Club...Spade
90.9%
Thanksgiving Day eventParade
81.5%
When Windows 7 comes out, I will do this to my PCUpgrade
81.1%
Spread you can make if life gives you orangesMarmalade
78.5%
House of Pac Man, Donkey Kong, and NBA JamArcade
72.6%
A campaign or holy warCrusade
72.5%
Army unit smaller than a division, may have been seen lightly chargingBrigade
65%
Clue Word % Correct
A G.I. calls this a pineappleGrenade
64.1%
Fellow member of the Communist PartyComrade
61.7%
Artificial appearance or a pretenseFacade
58.5%
Consisting of a hundred degreesCentigrade
49%
An outburst of emotional denunciationTirade
46.1%
One-named singer of 'Smooth Operator'Sade
37.1%
Jail or an enclosureStockade
35.2%
Blatant deception or a Cary Grant and Audrey Hepburn movieCharade
34.1%

You're not logged in!

Compare scores with friends on all Sporcle quizzes.
OR
Log In

Sporcle TV

Today on Sporcle TV


Watch our educational content, quiz creation guides, and fun videos on Sporcle TV.

Show Comments

Extras

Top Quizzes Today


Score Distribution

Your Account Isn't Verified!

In order to create a playlist on Sporcle, you need to verify the email address you used during registration. Go to your Sporcle Settings to finish the process.

Report this User

Report this user for behavior that violates our Community Guidelines.

Details: